Spojovací technika

Guardado en:
Detalles Bibliográficos
Autor principal: Lojík, Václav (Autor)
Formato: Libro
Lenguaje:checo
Publicado: Praha : České vysoké učení technické v Praze, 1986
Edición:1. vyd.
Etiquetas: Agregar Etiqueta
Sin Etiquetas, Sea el primero en etiquetar este registro!

MARC

LEADER 00000nam a22000003a 4500
001 stu25597
005 20150617225743.5
008 980518s1986------------------------cze-d
040 |a STU  |b slo 
041 0 |a cze 
100 1 |a Lojík, Václav  |4 aut 
245 1 |a Spojovací technika 
250 |a 1. vyd. 
260 |a Praha :  |b České vysoké učení technické v Praze,  |c 1986 
300 |a 243 s 
996 |b 284ES14973  |c E*S-26803  |l EE01  |s A  |a 24  |w stu25597_0001 
996 |b 284ES14974  |c E*S-26804  |l EE01  |s A  |a 24  |w stu25597_0002